Tarikh-E-Muqaddas. (Record no. 1093)

MARC details
000 -LEADER
fixed length control field 00548nam a2200229 a 4500
020 ## - INTERNATIONAL STANDARD BOOK NUMBER
ISBN
082 00 - DEWEY DECIMAL CLASSIFICATION NUMBER
Classification number 220.9
Author Cutter MPK
100 ## - MAIN ENTRY--AUTHOR NAME
Author name Mission Press, Kashgar
245 ## - TITLE STATEMENT
Title Tarikh-E-Muqaddas.
260 ## - PUBLICATION, DISTRIBUTION, ETC. (IMPRINT)
Place of publication Turki
Name of publisher Mission Press Kashgar
Year of publication 1914
300 ## - PHYSICAL DESCRIPTION
Number of Pages 217p
500 ## - GENERAL NOTE
General note includes index and biblioraphy
505 2# - FORMATTED CONTENTS NOTE
Formatted contents note Turkish
942 ## - ADDED ENTRY ELEMENTS (KOHA)
Koha item type Books
700 1# -
-- Mission Press, Kashgar
Holdings
Home library Current library Date acquired Cost, normal purchase price Full call number Accession Number Koha item type
Henry Martyn Institute Library Henry Martyn Institute Library 05/24/2005 0.00 220.9 MPK 3210 Archive Book
                   Copyright © 2026 | Henry Martyn Institute | Hyderabad | TS-500052 | INDIA | Implemented by hmi.edu.in
Hit-Count:

Powered by Koha